| 000 | 00826cam a22002294a 4500 | ||
|---|---|---|---|
| 005 | 20250605164232.0 | ||
| 008 | 250528s ||||||||||||||||||||||||d | ||
| 035 | _a20991 | ||
| 020 | _a9780071310550 | ||
| 040 |
_aGR-AtMCL _bgre _dGR-AtMCL _eAACR2 |
||
| 245 | 1 | _aInternational Finance / Global Edition | |
| 250 | _a6th | ||
| 260 |
_bMcgraw Hill Irwin, _c2012 |
||
| 300 | _a576 | ||
| 520 | _aFoundations of International Finance, The Foreign Exchange Market and Exchange Rate Determination and Currency Derivatives, International Capital Markets and Institutions, Foreign Exchange Exposure and Management, Financial Management of the Multinational Firm. | ||
| 700 | 1 |
_aEun Cheol S _97003 |
|
| 700 | 1 |
_aResnick Bruce G _97004 |
|
| 700 | 1 |
_aSabherwal Sanjiv _97005 |
|
| 942 | _cBK | ||
| 999 |
_c6068 _d6068 |
||